| 000 | 005920000a22002170004500 | ||
|---|---|---|---|
| 003 | LK-CoMWRAF | ||
| 005 | 20231116150315.0 | ||
| 008 | 230817t1978 ||||| |||| 00| 0 eng d | ||
| 020 | _a0674954815 | ||
| 040 |
_aLK-CoMWRAF _dLK-CoMWRAF _eLK-CoMWRAF |
||
| 041 | _aeng | ||
| 082 |
_a301.41 _bWOM |
||
| 245 | _aWomen in the Muslim World | ||
| 260 |
_aLondon: _bHarvard, _c1978 |
||
| 300 |
_axiii,698p. : ill. ; 24cm. _bIndex included |
||
| 650 | _aMUSLIM WOMEN | ||
| 650 | _aRole of women-Islamic countries | ||
| 700 |
_aBeck,, Lois _eed. |
||
| 700 |
_aKeddie, Nikki R. _eed. |
||
| 942 | _cBK | ||
| 999 |
_c2393 _d2393 |
||